NLSUI OPAC header image

Arlidge and Parry on Fraud (Record no. 15182)

MARC details
000 -LEADER
fixed length control field 01027nam a2200229Ia 4500
003 - CONTROL NUMBER IDENTIFIER
control field OSt
005 - DATE AND TIME OF LATEST TRANSACTION
control field 20220112151317.0
008 - FIXED-LENGTH DATA ELEMENTS--GENERAL INFORMATION
fixed length control field 160316s1996 xxu||||| |||| 00| 0 eng d
020 ## - INTERNATIONAL STANDARD BOOK NUMBER
International Standard Book Number 0421485000
040 ## - CATALOGING SOURCE
Transcribing agency .
082 ## - DEWEY DECIMAL CLASSIFICATION NUMBER
Classification number 345.02163 ALR
Item number ALR
100 ## - MAIN ENTRY--PERSONAL NAME
Personal name Alridge
245 ## - TITLE STATEMENT
Title Arlidge and Parry on Fraud
250 ## - EDITION STATEMENT
Edition statement 2nd
260 ## - PUBLICATION, DISTRIBUTION, ETC.
Place of publication, distribution, etc. London
Name of publisher, distributor, etc. Sweet & Maxwell
Date of publication, distribution, etc. 1996
300 ## - PHYSICAL DESCRIPTION
Extent 609p
Dimensions lxxix
365 ## - TRADE PRICE
Price amount Rs.6,849.50
505 ## - FORMATTED CONTENTS NOTE
Formatted contents note Contents;<br/>Preface ;<br/>Acknowledgment; <br/>Table Of Cases;<br/>Chp-1 Dishonesty<br/>Chp-2 Fraud<br/>Chp-3 Theft<br/>Chp-4 Deception<br/>Chp-5 Documents, Records And Accounts<br/>Chp-6 Company Fraud<br/>Chp-7 Corruption<br/>Chp-8 Frauds On Investors<br/>Chp-9 Frauds On Creditors<br/>Chp-10 Frauds On The Public<br/>Chp-11 Computer Fraud<br/>Chp-12 Jurisdiction<br/>Chp-13 The Investigation Of Serious Fraud<br/>Chp-14 The Prosecution Of Serious Fraud<br/>Chp-15 Presenting A Fraud Case<br/>Chp- 16 Evidence<br/><br/>
650 ## - SUBJECT ADDED ENTRY--TOPICAL TERM
Topical term or geographic name entry element 1. Criminal Law - Offences - Frauds2. Criminal Law - Frauds
700 ## - ADDED ENTRY--PERSONAL NAME
Personal name Parry
--
942 ## - ADDED ENTRY ELEMENTS (KOHA)
Source of classification or shelving scheme Dewey Decimal Classification
Koha item type BOOKs
Holdings
Withdrawn status Lost status Damaged status Not for loan Home library Current library Shelving location Date acquired Cost, normal purchase price Total Checkouts Full call number Barcode Date last seen Price effective from Koha item type
        NLS NLS   30/05/2017 6849.50   345.02163 ALR 15184 30/05/2017 30/05/2017 BOOKs